[Event "ROM-chT"]
[Site "Eforie Nord"]
[Date "2023.09.23"]
[Round "3.6"]
[White "Petrisor, Adrian Marian"]
[Black "Andronescu, Madalin"]
[Result "1/2-1/2"]
[WhiteElo "2387"]
[BlackElo "2030"]
[PlyCount "67"]
[EventDate "2023.09.21"]
[EventType "team-tourn"]
[EventRounds "9"]
[EventCountry "ROU"]
[SourceTitle "EXT 2024"]
[Source "ChessBase"]
[SourceDate "2023.10.10"]
[SourceVersion "1"]
[SourceVersionDate "2023.10.10"]
[SourceQuality "1"]
[WhiteTeam "Arad Vados"]
[BlackTeam "Buzau Phoenix"]
[WhiteTeamCountry "ROU"]
[BlackTeamCountry "ROU"]

1. e4 c5 2. Nf3 d6 3. d4 cxd4 4. Nxd4 Nf6 5. Nc3 a6 6. Bg5 e6 7. f4 Be7 8. Qf3 Nbd7 9. 0-0-0 Qc7 10. g4 b5 11. Bxf6 Nxf6 12. g5 Nd7 13. f5 0-0 14. Qh5 b4 15. Rd3 bxc3 16. Rxc3 Qb6 17. Nc6 Bf6 18. e5 Qf2 19. exf6 Qe1+ 20. Qd1 Qxd1+ 21. Kxd1 gxf6 22. Ne7+ Kg7 23. Nxc8 Rfxc8 24. Rxc8 Rxc8 25. fxe6 fxe6 26. Bxa6 Ra8 27. Bc4 d5 28. gxf6+ Kxf6 29. Bb3 Rg8 30. Rf1+ Ke7 31. Re1 Kd6 32. c4 Nc5 33. cxd5 Nxb3 34. axb3 1/2-1/2

[Event "ROM-chT"]
[Site "Mamaia"]
[Date "2019.09.22"]
[Round "2.3"]
[White "Helmer, Janos"]
[Black "Petrisor, Adrian Marian"]
[Result "0-1"]
[WhiteElo "1990"]
[BlackElo "2411"]
[PlyCount "56"]
[EventDate "2019.09.21"]
[EventType "team-tourn"]
[EventRounds "9"]
[EventCountry "ROU"]
[SourceTitle "EXT 2020"]
[Source "ChessBase"]
[SourceDate "2019.10.17"]
[SourceVersion "1"]
[SourceVersionDate "2019.10.17"]
[SourceQuality "1"]
[WhiteTeam "Cluj Napoca"]
[BlackTeam "Arad Acs Vados"]
[WhiteTeamCountry "ROU"]
[BlackTeamCountry "ROU"]

1. c4 Nf6 2. Nc3 e5 3. g3 Bb4 4. Bg2 0-0 5. e3 Bxc3 6. dxc3 e4 7. Ne2 Nc6 8. 0-0 Ne5 9. b3 d6 10. Qc2 Bg4 11. h3 Bf3 12. Nd4 Qd7 13. Re1 Bxg2 14. Kxg2 c5 15. Ne2 Qf5 16. Ng1 h5 17. Bb2 Rfe8 18. Rad1 Re6 19. Qe2 Rae8 20. Rd2 Nh7 21. Red1 Nd3 22. Rxd3 exd3 23. Rxd3 Rg6 24. Rd5 Re5 25. Rd2 Ng5 26. Qxh5 Qe4+ 27. Kf1 Qb1+ 28. Qd1 Ne4 0-1

[Event "Arad op 12th"]
[Site "Arad"]
[Date "2019.07.27"]
[Round "5"]
[White "Bonte, Andrei Mihai"]
[Black "Petrisor, Adrian Marian"]
[Result "1/2-1/2"]
[WhiteElo "2337"]
[BlackElo "2422"]
[PlyCount "32"]
[EventDate "2019.07.24"]
[EventType "swiss"]
[EventRounds "9"]
[EventCountry "ROU"]
[SourceTitle "CBM 191 Extra"]
[Source "ChessBase"]
[SourceDate "2019.09.30"]
[SourceVersion "1"]
[SourceVersionDate "2019.09.30"]
[SourceQuality "1"]

1. d4 Nf6 2. c4 e6 3. Nc3 Bb4 4. g3 c5 5. Nf3 cxd4 6. Nxd4 0-0 7. Bg2 d5 8. Qb3 Bxc3+ 9. bxc3 e5 10. Nf3 dxc4 11. Qxc4 Be6 12. Qb5 Qd5 13. c4 Qxc4 14. Qxc4 Bxc4 15. Nxe5 Bd5 16. 0-0 Bxg2 1/2-1/2

[Event "Arad op 12th"]
[Site "Arad"]
[Date "2019.07.24"]
[Round "1"]
[White "Balan, Briana Cleopatra"]
[Black "Petrisor, Adrian Marian"]
[Result "0-1"]
[WhiteElo "1869"]
[BlackElo "2422"]
[PlyCount "60"]
[EventDate "2019.07.24"]
[EventType "swiss"]
[EventRounds "9"]
[EventCountry "ROU"]
[SourceTitle "CBM 191 Extra"]
[Source "ChessBase"]
[SourceDate "2019.09.30"]
[SourceVersion "1"]
[SourceVersionDate "2019.09.30"]
[SourceQuality "1"]

1. e4 c5 2. Nc3 e6 3. f4 Nc6 4. Nf3 d5 5. Bb5 Nge7 6. d4 cxd4 7. Nxd4 a6 8. exd5 axb5 9. dxc6 bxc6 10. 0-0 b4 11. Ne4 Qd5 12. Re1 Ba6 13. Nb3 Nf5 14. a3 Bc4 15. Nbd2 Bb5 16. Nf3 Qxd1 17. Rxd1 Be2 18. Rd2 Bxf3 19. gxf3 bxa3 20. bxa3 Be7 21. a4 0-0 22. Bb2 Ne3 23. Bd4 Nd5 24. Rg2 f6 25. Rg4 e5 26. fxe5 f5 27. Rg3 fxe4 28. fxe4 Nf4 29. Re3 Ne6 30. Rd3 Nxd4 0-1

[Event "BL2-West 1819"]
[Site "Germany"]
[Date "2019.04.07"]
[Round "9.4"]
[White "Petrisor, Adrian Marian"]
[Black "Van Dael, Siem"]
[Result "1/2-1/2"]
[WhiteElo "2419"]
[BlackElo "2231"]
[PlyCount "55"]
[EventDate "2018.11.21"]
[EventType "team-tourn"]
[EventRounds "9"]
[EventCountry "GER"]
[SourceTitle "CBM 190 Extra"]
[Source "ChessBase"]
[SourceDate "2019.07.15"]
[SourceVersion "1"]
[SourceVersionDate "2019.07.15"]
[SourceQuality "1"]
[WhiteTeam "Remagen Sinzig"]
[BlackTeam "Aachen DJK II"]
[WhiteTeamCountry "GER"]
[BlackTeamCountry "GER"]

1. Nf3 Nf6 2. d4 g6 3. g3 Bg7 4. Bg2 0-0 5. 0-0 d6 6. Re1 c5 7. d5 e6 8. dxe6 fxe6 9. e4 Nc6 10. Nc3 e5 11. Bg5 h6 12. Bxf6 Qxf6 13. Nd5 Qf7 14. c3 Bg4 15. Re3 Be6 16. Qe2 Rac8 17. Nd2 Ne7 18. Nc4 Rfd8 19. Rd1 Qe8 20. Red3 Nxd5 21. exd5 Bf5 22. Re3 Qd7 23. Be4 Rf8 24. Bxf5 gxf5 25. f4 e4 26. Kh1 Kh7 27. Qh5 Rce8 28. Re2 1/2-1/2

[Event "ROM-chT"]
[Site "Sovata"]
[Date "2018.11.28"]
[Round "5.1"]
[White "Petrisor, Adrian Marian"]
[Black "Nanu, Ciprian Costica"]
[Result "1/2-1/2"]
[WhiteElo "2425"]
[BlackElo "2505"]
[PlyCount "23"]
[EventDate "2018.11.24"]
[EventType "team-tourn"]
[EventRounds "9"]
[EventCountry "ROU"]
[SourceTitle "CBM 187 Extra"]
[Source "ChessBase"]
[SourceDate "2018.11.04"]
[SourceVersion "1"]
[SourceVersionDate "2018.11.04"]
[SourceQuality "1"]
[WhiteTeam "Arad Vados"]
[BlackTeam "Iasi Politehnica"]
[WhiteTeamCountry "ROU"]
[BlackTeamCountry "ROU"]

1. d4 d5 2. Nf3 Nf6 3. c4 c6 4. cxd5 cxd5 5. Nc3 Nc6 6. Bf4 a6 7. e3 Bg4 8. Be2 Bxf3 9. Bxf3 e6 10. 0-0 Bd6 11. Bg5 Be7 12. Bxf6 1/2-1/2

[Event "Alba Iulia Romania 100 op"]
[Site "Alba Iulia"]
[Date "2018.11.17"]
[Round "8"]
[White "Shishkin, Vadim"]
[Black "Petrisor, Adrian Marian"]
[Result "1-0"]
[WhiteElo "2456"]
[BlackElo "2425"]
[PlyCount "79"]
[EventDate "2018.11.12"]
[EventType "swiss"]
[EventRounds "9"]
[EventCountry "ROU"]
[SourceTitle "CBM 187 Extra"]
[Source "ChessBase"]
[SourceDate "2018.11.04"]
[SourceVersion "1"]
[SourceVersionDate "2018.11.04"]
[SourceQuality "1"]

1. d4 Nf6 2. c4 e6 3. Nc3 Bb4 4. Qc2 d5 5. cxd5 Qxd5 6. e3 c5 7. a3 Bxc3+ 8. bxc3 0-0 9. Nf3 Nc6 10. c4 Qd6 11. Bb2 cxd4 12. exd4 b6 13. Bd3 Bb7 14. 0-0 h6 15. Rad1 Rac8 16. Qe2 Rfe8 17. Rfe1 Qc7 18. h3 Rcd8 19. Bc3 Nb8 20. Ne5 Nbd7 21. f4 b5 22. c5 Nxc5 23. Bxb5 Ba6 24. Rc1 Qb6 25. Rb1 Nce4 26. Bxe8 Bxe2 27. Bxf7+ Kh8 28. Rxb6 axb6 29. Bb4 Bb5 30. Ng6+ Kh7 31. Nf8+ Kh8 32. Nxe6 Rc8 33. Bf8 Rc2 34. Bxg7+ Kh7 35. f5 Bc6 36. Bg6+ Kg8 37. Bxf6 Nxf6 38. Nf4 Be4 39. Re2 Rc3 40. Nh5 1-0

[Event "Alba Iulia Romania 100 op"]
[Site "Alba Iulia"]
[Date "2018.11.16"]
[Round "7"]
[White "Petrisor, Adrian Marian"]
[Black "Fedorov, Alexei"]
[Result "1/2-1/2"]
[WhiteElo "2425"]
[BlackElo "2558"]
[PlyCount "29"]
[EventDate "2018.11.12"]
[EventType "swiss"]
[EventRounds "9"]
[EventCountry "ROU"]
[SourceTitle "CBM 187 Extra"]
[Source "ChessBase"]
[SourceDate "2018.11.04"]
[SourceVersion "1"]
[SourceVersionDate "2018.11.04"]
[SourceQuality "1"]

1. Nf3 Nf6 2. g3 g6 3. b3 Bg7 4. Bb2 c5 5. c4 d6 6. d4 Ne4 7. e3 Qa5+ 8. Nbd2 Bg4 9. Bg2 Nc6 10. 0-0 Nxd2 11. Qxd2 Qxd2 12. Nxd2 cxd4 13. Nf3 Bxf3 14. Bxf3 0-0 15. Bxc6 1/2-1/2

[Event "Alba Iulia Romania 100 op"]
[Site "Alba Iulia"]
[Date "2018.11.14"]
[Round "4"]
[White "Levin, Evgeny A"]
[Black "Petrisor, Adrian Marian"]
[Result "1/2-1/2"]
[WhiteElo "2523"]
[BlackElo "2425"]
[PlyCount "126"]
[EventDate "2018.11.12"]
[EventType "swiss"]
[EventRounds "9"]
[EventCountry "ROU"]
[SourceTitle "CBM 187 Extra"]
[Source "ChessBase"]
[SourceDate "2018.11.04"]
[SourceVersion "1"]
[SourceVersionDate "2018.11.04"]
[SourceQuality "1"]

1. d4 Nf6 2. c4 e6 3. Nc3 Bb4 4. e3 0-0 5. Bd3 d5 6. Nf3 b6 7. 0-0 Ba6 8. cxd5 Bxd3 9. Qxd3 exd5 10. b3 Re8 11. Bb2 c6 12. Rfc1 Ne4 13. Ne2 Bd6 14. Rc2 Re6 15. Rac1 Qf6 16. Ng3 Qg6 17. Ne5 Bxe5 18. dxe5 Nc5 19. Qd4 a5 20. f4 Re8 21. Re2 Nbd7 22. e4 dxe4 23. Nxe4 Nxe4 24. Qxe4 Qxe4 25. Rxe4 Nc5 26. Rd4 Ne6 27. Rd6 Nxf4 28. Rcxc6 b5 29. Kf2 h6 30. Kf3 Ne6 31. Ke4 b4 32. Rc4 Reb8 33. Bd4 a4 34. Rb6 Rd8 35. Rbxb4 axb3 36. a4 Rd7 37. Be3 Ra5 38. Rxb3 Rdd5 39. Kf3 Rxe5 40. Bb6 Rf5+ 41. Kg3 Ra6 42. Rcb4 Nc5 43. Ra3 Ne4+ 44. Kg4 Rg5+ 45. Kf3 Nd2+ 46. Kf2 Nc4 47. Rxc4 Rxb6 48. Ra2 Ra6 49. Ke3 Rd5 50. Rd4 Rc5 51. Kd3 g5 52. Rc4 Rd5+ 53. Kc3 Kg7 54. Rd2 Re5 55. Rb4 Kg6 56. Rbd4 f6 57. Rc2 h5 58. Kb3 g4 59. Rb4 Re3+ 60. Rc3 Re2 61. Rc2 Re3+ 62. Rc3 Re2 63. Rc2 Re3+ 1/2-1/2

[Event "Alba Iulia Romania 100 op"]
[Site "Alba Iulia"]
[Date "2018.11.13"]
[Round "3"]
[White "Petrisor, Adrian Marian"]
[Black "Marin, Mihail"]
[Result "1/2-1/2"]
[WhiteElo "2425"]
[BlackElo "2555"]
[PlyCount "37"]
[EventDate "2018.11.12"]
[EventType "swiss"]
[EventRounds "9"]
[EventCountry "ROU"]
[SourceTitle "CBM 187 Extra"]
[Source "ChessBase"]
[SourceDate "2018.11.04"]
[SourceVersion "1"]
[SourceVersionDate "2018.11.04"]
[SourceQuality "1"]

1. e4 e6 2. d4 d5 3. exd5 exd5 4. Bd3 Nf6 5. Nf3 c5 6. 0-0 Nc6 7. Re1+ Be7 8. c3 0-0 9. h3 Qb6 10. Na3 c4 11. Bb1 Bxa3 12. bxa3 Qa5 13. Bg5 Ne4 14. Bxe4 dxe4 15. Rxe4 Bf5 16. Re3 f6 17. Bf4 Rad8 18. Qe2 Qd5 19. a4 1/2-1/2

[Event "Tasnad op"]
[Site "Tasnad"]
[Date "2018.09.16"]
[Round "9"]
[White "Costachi, Mihnea"]
[Black "Petrisor, Adrian Marian"]
[Result "1/2-1/2"]
[WhiteElo "2471"]
[BlackElo "2424"]
[PlyCount "44"]
[EventDate "2018.09.11"]
[EventType "swiss"]
[EventRounds "9"]
[EventCountry "ROU"]
[SourceTitle "CBM 186 Extra"]
[Source "ChessBase"]
[SourceDate "2018.08.24"]
[SourceVersion "1"]
[SourceVersionDate "2018.08.24"]
[SourceQuality "1"]

1. d4 Nf6 2. c4 e6 3. Nc3 Bb4 4. e3 0-0 5. Nge2 d5 6. a3 Be7 7. cxd5 exd5 8. Nf4 c6 9. Bd3 Re8 10. 0-0 Nbd7 11. f3 Nf8 12. Bc2 Ne6 13. e4 dxe4 14. Nxe6 Bxe6 15. fxe4 c5 16. e5 Nd5 17. Qd3 g6 18. Ba4 cxd4 19. Ne4 Bd7 20. Bb3 Be6 21. Ba4 Bd7 22. Bb3 Be6 1/2-1/2

[Event "Tasnad op"]
[Site "Tasnad"]
[Date "2018.09.14"]
[Round "6"]
[White "Petrisor, Adrian Marian"]
[Black "Martian, Dragos Daniel"]
[Result "1-0"]
[WhiteElo "2424"]
[BlackElo "2246"]
[PlyCount "81"]
[EventDate "2018.09.11"]
[EventType "swiss"]
[EventRounds "9"]
[EventCountry "ROU"]
[SourceTitle "CBM 186 Extra"]
[Source "ChessBase"]
[SourceDate "2018.08.24"]
[SourceVersion "1"]
[SourceVersionDate "2018.08.24"]
[SourceQuality "1"]

1. Nf3 c5 2. b3 Nf6 3. Bb2 e6 4. e3 d5 5. c4 Nc6 6. cxd5 exd5 7. Bb5 Bd7 8. 0-0 Be7 9. d4 cxd4 10. Nxd4 0-0 11. Nc3 a6 12. Be2 Bd6 13. Bf3 Be6 14. Nxc6 bxc6 15. Na4 Nd7 16. Rc1 Qc7 17. h3 Rfd8 18. Qd4 Bh2+ 19. Kh1 Be5 20. Qd2 Bxb2 21. Qxb2 Ne5 22. Be2 Bf5 23. Qd4 Qe7 24. f4 Ng6 25. Rxc6 Nh4 26. Kh2 Nxg2 27. Kxg2 Bxh3+ 28. Kxh3 Qd7+ 29. Kg3 Qxc6 30. Bd3 h5 31. Rh1 g6 32. Kf2 Rac8 33. Rg1 Rd6 34. f5 Re8 35. Nc5 Rf6 36. Nd7 Rd6 37. Ne5 Qb6 38. fxg6 Rf6+ 39. Ke2 fxg6 40. Bxg6 Rxe5 41. Bd3+ 1-0

[Event "Tasnad op"]
[Site "Tasnad"]
[Date "2018.09.13"]
[Round "4"]
[White "Petrisor, Adrian Marian"]
[Black "Banzea, Alexandru Bogdan"]
[Result "1/2-1/2"]
[WhiteElo "2424"]
[BlackElo "2308"]
[PlyCount "53"]
[EventDate "2018.09.11"]
[EventType "swiss"]
[EventRounds "9"]
[EventCountry "ROU"]
[SourceTitle "CBM 186 Extra"]
[Source "ChessBase"]
[SourceDate "2018.08.24"]
[SourceVersion "1"]
[SourceVersionDate "2018.08.24"]
[SourceQuality "1"]

1. Nf3 Nf6 2. g3 g6 3. b3 Bg7 4. Bb2 0-0 5. Bg2 d6 6. d4 c5 7. 0-0 cxd4 8. Nxd4 d5 9. Nf3 Nc6 10. Nbd2 Qc7 11. c4 Rd8 12. cxd5 Nxd5 13. Bxg7 Kxg7 14. Qc1 Kg8 15. Qc4 Qa5 16. Qh4 Nf6 17. Nc4 Qf5 18. Rac1 Qg4 19. Qh6 Be6 20. Ne3 Qh5 21. Qxh5 Nxh5 22. Ng5 Bd7 23. Rfd1 Nf6 24. a3 Be8 25. Kf1 Rxd1+ 26. Rxd1 Rd8 27. Rxd8 1/2-1/2

[Event "Arad op 11th"]
[Site "Arad"]
[Date "2018.08.11"]
[Round "8"]
[White "Nastase, Robert Paul"]
[Black "Petrisor, Adrian Marian"]
[Result "1/2-1/2"]
[WhiteElo "2299"]
[BlackElo "2416"]
[PlyCount "38"]
[EventDate "2018.08.05"]
[EventType "swiss"]
[EventRounds "9"]
[EventCountry "ROU"]
[SourceTitle "CBM 185 Extra"]
[Source "ChessBase"]
[SourceDate "2018.07.29"]
[SourceVersion "1"]
[SourceVersionDate "2018.07.29"]
[SourceQuality "1"]

1. e4 g6 2. d4 Bg7 3. Nf3 d6 4. Bc4 c6 5. Qe2 d5 6. Bb3 dxe4 7. Ng5 Nh6 8. c3 0-0 9. 0-0 Nd7 10. Nxe4 Nf5 11. Bg5 h6 12. Bf4 e5 13. dxe5 Nxe5 14. Rd1 Qh4 15. g3 Qe7 16. Nbd2 Re8 17. Re1 Be6 18. Bxe5 Bxe5 19. Nc5 Qxc5 1/2-1/2

[Event "Arad op 11th"]
[Site "Arad"]
[Date "2018.08.09"]
[Round "6"]
[White "Jianu, Vlad Cristian"]
[Black "Petrisor, Adrian Marian"]
[Result "1-0"]
[WhiteElo "2542"]
[BlackElo "2416"]
[PlyCount "79"]
[EventDate "2018.08.05"]
[EventType "swiss"]
[EventRounds "9"]
[EventCountry "ROU"]
[SourceTitle "CBM 185 Extra"]
[Source "ChessBase"]
[SourceDate "2018.07.29"]
[SourceVersion "1"]
[SourceVersionDate "2018.07.29"]
[SourceQuality "1"]

1. d4 Nf6 2. c4 e6 3. Nf3 Bb4+ 4. Nbd2 d5 5. Qa4+ Nc6 6. a3 Be7 7. g3 0-0 8. Bg2 dxc4 9. Qxc4 Bd6 10. Qc3 Re8 11. Nc4 Bf8 12. 0-0 a5 13. Rd1 e5 14. Bg5 e4 15. Nfe5 Qd5 16. Bxf6 gxf6 17. Ne3 Qb5 18. Nxc6 Qxc6 19. Qxc6 bxc6 20. Rac1 Bd7 21. Rc4 Rab8 22. Rd2 Rb3 23. d5 c5 24. Rxe4 Bh6 25. Rxe8+ Bxe8 26. Rc2 Ba4 27. Ng4 Bf8 28. Nxf6+ Kg7 29. Ne4 Rxa3 30. Rc1 Rb3 31. Nxc5 Bxc5 32. Rxc5 Rxb2 33. Rxa5 Bd7 34. h3 Rxe2 35. Rc5 Re1+ 36. Kh2 Re2 37. Kg1 Re1+ 38. Kh2 Re2 39. Rxc7 Bf5 40. g4 1-0

[Event "Arad op 11th"]
[Site "Arad"]
[Date "2018.08.06"]
[Round "3"]
[White "Petrisor, Adrian Marian"]
[Black "Geher, Koppany"]
[Result "1-0"]
[WhiteElo "2416"]
[BlackElo "2137"]
[PlyCount "53"]
[EventDate "2018.08.05"]
[EventType "swiss"]
[EventRounds "9"]
[EventCountry "ROU"]
[SourceTitle "CBM 185 Extra"]
[Source "ChessBase"]
[SourceDate "2018.07.29"]
[SourceVersion "1"]
[SourceVersionDate "2018.07.29"]
[SourceQuality "1"]

1. e4 c5 2. Nf3 e6 3. d4 cxd4 4. Nxd4 Nc6 5. Nc3 Qc7 6. Be3 a6 7. Nxc6 Qxc6 8. Qd4 b5 9. a3 Bb7 10. Be2 Rc8 11. 0-0 Nf6 12. Bf3 Bc5 13. Qd2 Bxe3 14. Qxe3 Qc5 15. Qf4 d6 16. Qg3 Qe5 17. Qxg7 Rg8 18. Qh6 Bxe4 19. Nxe4 Nxe4 20. Rfe1 Qg5 21. Qxh7 Nd2 22. Bb7 Rc5 23. Re3 Qg6 24. Qxg6 Rxg6 25. Bxa6 Rxc2 26. Bxb5+ Ke7 27. Bd3 1-0